| 000 | 00424nam a2200145Ia 4500 | ||
|---|---|---|---|
| 008 | 210430s9999 xx 000 0 und d | ||
| 020 | _a007-240233-4 | ||
| 082 | _a620.11 S639 F | ||
| 100 |
_aWilliam F Smith, Javad Jashemi _9127599 |
||
| 245 |
_aFoundations of Materials Science and Engineering / _cWilliam F Smith |
||
| 250 | _a3rd edition | ||
| 260 |
_aBoston _bMcGraw Hill _c2004 |
||
| 300 | _a908p. | ||
| 942 |
_cBK _2ddc |
||
| 999 |
_c562293 _d562293 |
||